ბათუმის შოთა რუსთაველის სახელმწიფო უნივერსიტეტის ბიბლიოთეკა

Экономика промышленного предприятия Учебник (ბიბ.ჩანაწერი № 37253)

000 -LEADER
fixed length control field 00624nam a2200217Ia 4500
001 - CONTROL NUMBER
control field 3212
003 - CONTROL NUMBER IDENTIFIER
control field GE_BSU
008 - FIXED-LENGTH DATA ELEMENTS--GENERAL INFORMATION
fixed length control field 181216s||||||||xx |||||||||||||| ||und||
020 ## - INTERNATIONAL STANDARD BOOK NUMBER
International Standard Book Number 5862255168
040 ## - CATALOGING SOURCE
Transcribing agency GE_BSU
100 ## - MAIN ENTRY--PERSONAL NAME
Personal name Зайцев, Р.Л.
245 ## - TITLE STATEMENT
Title Экономика промышленного предприятия Учебник
250 ## - EDITION STATEMENT
Edition statement 2-еиздпеераб. и доп
260 ## - PUBLICATION, DISTRIBUTION, ETC.
Place of publication, distribution, etc. ьосква
260 ## - PUBLICATION, DISTRIBUTION, ETC.
Name of publisher, distributor, etc. ИНФРА-Ь
260 ## - PUBLICATION, DISTRIBUTION, ETC.
Date of publication, distribution, etc. 1998
300 ## - PHYSICAL DESCRIPTION
Extent 336 ст.
653 ## - INDEX TERM--UNCONTROLLED
Uncontrolled term Экономика промышленного предприятия
942 ## - ADDED ENTRY ELEMENTS (KOHA)
Koha item type წიგნი
ეგზემპლარები
Withdrawn status Lost status Damaged status Not for loan Date acquired Barcode Date last seen Price effective from Koha item type Public note
        2018-12-17 7783 2018-12-17 2018-12-17 წიგნი დარბაზი
        2018-12-17 7784 2018-12-17 2018-12-17 წიგნი დარბაზი
        2018-12-17 8107 2018-12-17 2018-12-17 წიგნი ლარბაზი
        2018-12-17 8108 2018-12-17 2018-12-17 წიგნი დეარბაზი
        2018-12-17 8109 2018-12-17 2018-12-17 წიგნი დარბაზი